| 000 | 00820nam0a22002411 4500 | ||
|---|---|---|---|
| 001 | rc\709541 | ||
| 005 | 20250621221046.0 | ||
| 035 | _a(NLR Aleph) 005944752 | ||
| 090 |
_a6716588 _c6716588 |
||
| 100 | _a20031121d1985 |||y0rusy50 ca | ||
| 101 | 0 | _arus | |
| 102 | _aRU | ||
| 105 | _aa ||||||||| | ||
| 200 | 1 |
_aВеликая Отечественная война _eВопр. и ответы _f[Бобылев П.Н., Липицкий С.В., Монин М.Е., Панкратов Н.Р.] |
|
| 210 |
_aМ. _cПолитиздат _d1985 |
||
| 215 |
_a430 с. _cил. _d20 |
||
| 300 | _aАвт. указаны на обороте тит. л. | ||
| 701 | 1 |
_aБобылев _bП.Н. _gПавел Никитич |
|
| 801 | 0 |
_aRU _bNLR _gpsbo |
|
| 801 | 1 |
_aRU _bELAR _2rusmarc |
|
| 852 |
_aNLR _j85-3/7879 |
||
| 942 | _cBOOK | ||
| 980 | _aNB | ||